[Event "SVK-chT2D 1213"]
[Site "Slovakia"]
[Date "2012.10.13"]
[Round "1.4"]
[White "Pankovic, Jan"]
[Black "Tropp, Frantisek"]
[Result "0-1"]
[WhiteElo "2035"]
[BlackElo "2106"]
[PlyCount "44"]
[EventDate "2012.10.13"]
[EventType "team-tourn"]
[EventRounds "11"]
[EventCountry "SVK"]
[SourceTitle "EXT 2015"]
[Source "ChessBase"]
[SourceDate "2014.11.20"]
[SourceVersion "1"]
[SourceVersionDate "2014.11.20"]
[SourceQuality "1"]
[WhiteTeam "Kosice SK"]
[BlackTeam "Kezmarok II"]
[WhiteTeamCountry "SVK"]
[BlackTeamCountry "SVK"]

1. d4 d5 2. c4 e6 3. Nc3 Nf6 4. Bg5 Be7 5. e3 c6 6. Nf3 Nbd7 7. Qc2 0-0 8. 0-0-0 a5 9. Bd3 dxc4 10. Bxc4 Nd5 11. Bxe7 Qxe7 12. Nxd5 exd5 13. Bd3 Nf6 14. Ne5 Re8 15. g4 Bxg4 16. Nxg4 Nxg4 17. Bxh7+ Kf8 18. Rdg1 Qh4 19. Rg3 Nf6 20. Bf5 g6 21. Rh3 Qg5 22. Bd3 Qg2 0-1

[Event "Kosice op"]
[Site "Kosice"]
[Date "1995.??.??"]
[Round "?"]
[White "Pankovic, Jan"]
[Black "Mudrochova, Helena"]
[Result "0-1"]
[WhiteElo "2105"]
[BlackElo "2090"]
[PlyCount "66"]
[EventDate "1995.??.??"]
[EventType "swiss"]
[EventRounds "9"]
[EventCountry "SVK"]
[SourceTitle "EXT 2000"]
[Source "ChessBase"]
[SourceDate "1999.11.16"]
[SourceVersion "1"]
[SourceVersionDate "1999.11.16"]
[SourceQuality "1"]

1. g3 e5 2. c4 c6 3. d4 d5 4. dxe5 d4 5. Nf3 Bg4 6. Bg2 Bxf3 7. exf3 Qa5+ 8. Nd2 Qxe5+ 9. Qe2 Qxe2+ 10. Kxe2 Nd7 11. a3 g6 12. Rb1 Bg7 13. Rd1 Nh6 14. b4 0-0 15. g4 f5 16. g5 Nf7 17. f4 Nb6 18. Rb3 Na4 19. Nb1 Nd6 20. Kd3 Rfe8 21. Nd2 Nc3 22. Rf1 Ne2 23. Nf3 Ne4 24. Kxe2 Nc5+ 25. Ne5 Nxb3 26. Bb2 Bxe5 27. fxe5 Rxe5+ 28. Kd3 a5 29. b5 cxb5 30. Bd5+ Kf8 31. Bxd4 bxc4+ 32. Bxc4 Nxd4 33. Kxd4 Re4+ 0-1